01410nam a2200241 i 4500001000700000003000900007005001700016008004100033100002900074245011600103260005600219300002900275490004300304490004500347505039500392530003500787600004700822700004700869830004300916830004500959852006501004856009901069151570ES-MaACL20231226211507.0931025s1901 sp |||| |dspa d1 aAsín Palacios, Miguel.10aAlgazel b: dogmática, moral, ascética / cpor Miguel Asín Palacios ; con prólogo de Menéndez Pelayo. aZaragoza : bTip. y Lib. de Comas Hermanos, c1901. aXXXIX, 912 p. ; c16 cm.1 aColección de estudios árabes ; v61 aEstudios filosófico-teológicos ; v18 aContiene: Apéndice 1. Análisis y versión de los libros esotéricos de Algazel titulados Almadnún grande y pequeño, según la ed. colectiva del Cairo, año 1309 de la Hégira - Apéndice 2. Extracto del libro de Algazel titulado Destrucción de los filósofos - Apéndice 3. Versión del prólogo de la obra mística de Algazel titulada Camino seguro de los devotos, 881 aDisponible en formato digital.14aAl-Gazali, Muhammad b. Muhammad Abu Hamid.1 aMenéndez y Pelayo, Marcelino,d1856-19121 aColección de estudios árabes ; v61 aEstudios filosófico-teológicos ; v1 aES-MaACLjG-13747 z- Enc. hol., conservando cub. original uhttp://www.larramendi.es/es/consulta/registro.do?id=28506 zBiblioteca Virtual de Polígrafos